[Event "Schleswig Holstein-ch Meisterklasse"]
[Site "Bad Segeberg"]
[Date "2018.03.29"]
[Round "8.1"]
[White "Lorenzen, Sven"]
[Black "Krause, Jonah"]
[Result "0-1"]
[WhiteElo "2001"]
[BlackElo "2336"]
[PlyCount "98"]
[EventDate "2018.03.24"]
[EventType "swiss"]
[EventRounds "9"]
[EventCountry "GER"]
[SourceTitle "EXT 2022"]
[Source "ChessBase"]
[SourceDate "2021.10.06"]
[SourceVersion "1"]
[SourceVersionDate "2021.10.06"]
[SourceQuality "1"]

1. e4 c5 2. Nc3 e6 3. f4 Nc6 4. Bb5 Nge7 5. Nf3 d5 6. d3 a6 7. Bxc6+ Nxc6 8. 0-0 Be7 9. Ne5 Nxe5 10. fxe5 0-0 11. Qg4 dxe4 12. Nxe4 Qd4+ 13. Kh1 Qxe5 14. Bf4 Qf5 15. Qg3 Qg6 16. Qe3 b6 17. Rf3 f6 18. Bd6 Qe8 19. Rh3 e5 20. Rg3 Bb7 21. Qh6 Rf7 22. Bxe7 Qxe7 23. Rf1 Bxe4 24. dxe4 Rd8 25. Qh5 Qe6 26. h3 Qxa2 27. Rd1 Rxd1+ 28. Qxd1 Qe6 29. Rd3 Rf8 30. Rd6 Qc4 31. Rxb6 Qxe4 32. Rxa6 h6 33. b3 Ra8 34. Rxa8+ Qxa8 35. Qd6 Qa1+ 36. Kh2 Qd4 37. Qe6+ Kf8 38. c4 h5 39. g4 h4 40. g5 Qf4+ 41. Kh1 Qxg5 42. Qc8+ Kf7 43. Qxc5 Qc1+ 44. Qg1 Qxg1+ 45. Kxg1 Ke6 46. Kf2 f5 47. b4 Kd6 48. Kf3 g5 49. b5 Kc5 0-1

[Event "BL2-Nord 1718"]
[Site "Germany"]
[Date "2018.02.25"]
[Round "7.5"]
[White "Krause, Jonah"]
[Black "Florstedt, Johannes"]
[Result "1-0"]
[WhiteElo "2354"]
[BlackElo "2243"]
[PlyCount "59"]
[EventDate "2017.10.08"]
[EventType "team-tourn"]
[EventRounds "9"]
[EventCountry "GER"]
[SourceTitle "CBM 183 Extra"]
[Source "ChessBase"]
[SourceDate "2018.04.19"]
[SourceVersion "1"]
[SourceVersionDate "2018.04.19"]
[SourceQuality "1"]
[WhiteTeam "St Pauli"]
[BlackTeam "Berlin SF II"]
[WhiteTeamCountry "GER"]
[BlackTeamCountry "GER"]

1. d4 Nf6 2. c4 g6 3. Nc3 d5 4. Bg5 Bg7 5. Bxf6 Bxf6 6. cxd5 c5 7. dxc5 Nd7 8. e3 0-0 9. Bc4 Nxc5 10. Nge2 Qa5 11. a3 Ne4 12. Rc1 Bg4 13. Qc2 Nxc3 14. Nxc3 Rac8 15. Qb3 Rc7 16. d6 exd6 17. 0-0 Bxc3 18. Rxc3 Rfc8 19. Rfc1 Kg7 20. h3 Bf5 21. Bd5 Rxc3 22. Rxc3 Rxc3 23. bxc3 b6 24. Bxf7 Be4 25. Bc4 Qg5 26. Bf1 d5 27. Qa4 Kh6 28. Qxa7 Bf5 29. Qc7 Bxh3 30. Qh2 1-0

[Event "EU-ch rapid"]
[Site "Katowice"]
[Date "2017.12.17"]
[Round "7"]
[White "Krause, Jonah"]
[Black "Snihur, Piotr"]
[Result "1-0"]
[WhiteElo "2368"]
[BlackElo "2233"]
[PlyCount "57"]
[EventDate "2017.12.16"]
[EventType "swiss (rapid)"]
[EventRounds "11"]
[EventCountry "POL"]
[SourceTitle "CBM 182 Extra"]
[Source "ChessBase"]
[SourceDate "2018.02.23"]
[SourceVersion "1"]
[SourceVersionDate "2018.02.23"]
[SourceQuality "1"]

1. d4 Nf6 2. c4 e6 3. g3 Bb4+ 4. Bd2 c5 5. Bxb4 cxb4 6. Bg2 0-0 7. e4 d6 8. Ne2 e5 9. 0-0 Nc6 10. a3 Qb6 11. d5 Nb8 12. Qd2 Na6 13. axb4 Nxb4 14. Na3 Bd7 15. h3 a5 16. Kh2 Na6 17. Nc3 Nc5 18. Rab1 a4 19. Qe3 Rfe8 20. f4 Ra6 21. fxe5 Rxe5 22. Rfe1 Nb3 23. Qxb6 Rxb6 24. c5 Rb4 25. Nc2 Rc4 26. cxd6 Nd2 27. Rbd1 Ndxe4 28. Rd4 Rxd4 29. Nxd4 1-0